| 000 | 00997nam a22003017a 4500 | ||
|---|---|---|---|
| 001 | BR2016002879 | ||
| 003 | BR-BrBNA | ||
| 005 | 20230928104915.0 | ||
| 007 | ta | ||
| 008 | 230509b bl.||||| |||| 00| 0 por d | ||
| 040 |
_aBR-BrBNA _bpor _cBiblioteca Nacional de Agricultura |
||
| 041 | _a(Por) | ||
| 072 |
_aL73 _b4150 |
||
| 090 | _ 4150 BR2016002879 | ||
| 110 | 1 |
_aGoverno do Estado do Rio de Janeiro, RJ (Brasil). Secretaria de Agricultura, Pecuária, Pesca e Abastecimento _95396 |
|
| 245 | 1 | _aDocumentos para adesão do Estado do Rio de Janeiro ao plano nacional de prevenção da influenza aviária e prevenção e controle da doença de newcastle | |
| 260 | 3 |
_aRio de Janeiro, RJ (Brasil): _c2007. |
|
| 300 | _a64 p. | ||
| 500 | _a64 illus.; 33 tables | ||
| 650 | _aINFLUENZA AVIÁRIA | ||
| 650 | _aPROFILAXIA | ||
| 650 | _aDOENÇA ANIMAL | ||
| 650 | _aNEWCASTLE | ||
| 650 | _aVÍRUS | ||
| 650 | _aRIO DE JANEIRO | ||
| 909 |
_a202309 _bLucia _c55 _dLucia Elande |
||
| 942 | _cBK | ||
| 999 |
_c82376 _d82376 |
||